NBA Leading Scorer Every Year by Letter - I - Statistics

General Stats
  • This quiz has been taken 40 times
  • The average score is 36 of 53
Answer Stats
Year PPG Team Player % Correct
1997 23.5 Philadelphia 76ers Allen Iverson
100%
1998 22.0 Philadelphia 76ers Allen Iverson
100%
1999 26.8 Philadelphia 76ers Allen Iverson
100%
2000 28.4 Philadelphia 76ers Allen Iverson
100%
2001 31.1 Philadelphia 76ers Allen Iverson
100%
2002 31.4 Philadelphia 76ers Allen Iverson
100%
2003 27.6 Philadelphia 76ers Allen Iverson
100%
2005 30.7 Philadelphia 76ers Allen Iverson
100%
2006 33.0 Philadelphia 76ers Allen Iverson
100%
2007 26.3 Denver Nuggets Allen Iverson
100%
2008 26.4 Denver Nuggets Allen Iverson
100%
1990 5.2 Portland Trail Blazers Byron Irvin
100%
2012 18.5 Cleveland Cavaliers Kyrie Irving
100%
2013 22.5 Cleveland Cavaliers Kyrie Irving
100%
2014 20.8 Cleveland Cavaliers Kyrie Irving
100%
2015 21.7 Cleveland Cavaliers Kyrie Irving
100%
2016 19.6 Cleveland Cavaliers Kyrie Irving
100%
2017 25.2 Cleveland Cavaliers Kyrie Irving
100%
2018 24.4 Boston Celtics Kyrie Irving
100%
2019 23.8 Boston Celtics Kyrie Irving
100%
2021 26.9 Brooklyn Nets Kyrie Irving
100%
2023 27.1 Brooklyn Nets Kyrie Irving
100%
2024 25.6 Dallas Mavericks Kyrie Irving
100%
2025 24.7 Dallas Mavericks Kyrie Irving
100%
2020 23.8 New Orleans Pelicans Brandon Ingram
82%
2022 22.7 New Orleans Pelicans Brandon Ingram
82%
2004 15.3 Cleveland Cavaliers Zydrunas Ilgauskas
74%
1977 22.3 Denver Nuggets Dan Issel
65%
1978 21.3 Denver Nuggets Dan Issel
65%
1979 17.0 Denver Nuggets Dan Issel
65%
1980 23.8 Denver Nuggets Dan Issel
65%
1981 21.9 Denver Nuggets Dan Issel
65%
1982 22.9 Denver Nuggets Dan Issel
65%
1983 21.6 Denver Nuggets Dan Issel
65%
1984 19.8 Denver Nuggets Dan Issel
65%
1985 12.8 Denver Nuggets Dan Issel
65%
2009 18.8 Philadelphia 76ers Andre Iguodala
62%
2010 17.1 Philadelphia 76ers Andre Iguodala
62%
2011 14.1 Philadelphia 76ers Andre Iguodala
62%
1962 4.7 New York Knicks Darrall Imhoff
15%
1963 5.9 New York Knicks Darrall Imhoff
15%
1965 4.8 Detroit Pistons Darrall Imhoff
15%
1966 5.0 Los Angeles Lakers Darrall Imhoff
15%
1967 4.9 Los Angeles Lakers Darrall Imhoff
15%
1968 10.7 Los Angeles Lakers Darrall Imhoff
15%
1969 9.2 Philadelphia 76ers Darrall Imhoff
15%
1970 13.6 Philadelphia 76ers Darrall Imhoff
15%
1986 4.4 San Antonio Spurs Marc Iavaroni
9%
1987 3.6 Utah Jazz Marc Iavaroni
9%
1988 4.5 Utah Jazz Marc Iavaroni
9%
1989 2.3 Utah Jazz Marc Iavaroni
9%
1992 9.3 Dallas Mavericks Mike Iuzzolino
0%
1993 8.7 Dallas Mavericks Mike Iuzzolino
0%
No matching quizzes found
Score Distribution
Percent of People with Each Score
Percentile by Number Answered
Your Score History
You have not taken this quiz